Investigaciones sobre alcoholismo y farmacodependencia: Costa Rica 1991-1995 /

Bewaard in:
Bibliografische gegevens
Hoofdauteur: Cascante, Alia
Andere auteurs: Vaglio, Evelyn, Calvo Abarca, Zulay, Bejarano Orozco, Julio
Formaat: Texto
Gepubliceerd in: San José: IAFA
Tags: Voeg label toe
Geen labels, Wees de eerste die dit record labelt!

MARC

LEADER 00000 a a2200000 04500
001 12476
003
040
020 |a 9968-705-31-4  
022 |a 9968-705-31-4  
090 |a 030200  
100 |a Cascante, Alia  
245 |a Investigaciones sobre alcoholismo y farmacodependencia: Costa Rica 1991-1995 /  |c Alia Cascante 
260 |a San José:   |b IAFA  
300 |a 75 p.  
700 |a Vaglio, Evelyn  
700 |a Calvo Abarca, Zulay  
700 |a Bejarano Orozco, Julio  
999 |c 11251  |d 11251